| 000 | 00000nam##2200000za#4500 |
| 001 | 9.641834 |
| 003 | CaOODSP |
| 005 | 20210624223417 |
| 007 | cr ||||||||||| |
| 008 | 150407|2000||||xxc|||||o f|0| 0 fre|d |
| 040 | |aCaOODSP|bfre |
| 043 | |an-cn--- |
| 086 | 1 |aRH64-42/2000F-PDF |
| 110 | 1 |aCanada.|bDéveloppement des ressources humaines Canada. |bPolitique stratégique. |
| 245 | 13|aLe supplément familial de l'AE et le revenu relatif des familles à deux revenus ayant des enfants / |h[ressource électronique]|c[par] David Cheal et Karen Kampen. |
| 260 | |aOttawa - Ontario : |bDéveloppement des ressources humaines Canada. |cNovembre 2000. |
| 300 | |a62p.|bréférences, tableaux |
| 590 | |a13-12-Supp|b2013-05-10 |
| 691 | 07|aRevenu familial|2gcpds |
| 691 | 07|aAssurance-emploi|2gcpds |
| 775 | 08|tThe EI family supplement and relative income in two-earner families with children / |w(CaOODSP)9.697832 |
| 856 | 40|ahttp://publications.gc.ca|qPDF|s234 Ko|uhttps://publications.gc.ca/collections/collection_2013/rhdcc-hrsdc/RH64-42-2000-fra.pdf |
| 986 | |aSP-AH134-11-00F |